Flugzeug Modelle - Statistiken

Allgemein
  • Dieses Quiz wurde 357 mal gespielt
  • Das Durchschnittsergebnis liegt bei 7 aus 16
Antwortstatistiken
Bildquiz Antwort % Korrekt
A 380-800
91%
Boeing 747-8
69%
A 321
61%
A319
59%
A 320 neo
52%
A318
49%
Boeing 787-8
44%
A350-900
42%
Boeing 747-400
42%
A330neo
41%
McDonnell Douglas MD-11
41%
McDonnell Douglas DC-10
38%
Boeing 787-10
32%
Boeing 777-300ER
29%
Embraer 195
26%
Boeing 737 MAX 9
18%
Keine übereinstimmenden Quizze gefunden
Verteilung der Resultate
Anzahl Personen mit jedem Resultat
Perzentil nach korrekt beantworteten Fragen
Ihre Resultats-Entwicklung
Sie haben dieses Quiz noch nicht gespielt